Normal view
MARC view
- Packaging- Management Strategies
Entry Topical Term
001 - CONTROL NUMBER
- control field: 2952
003 - CONTROL NUMBER IDENTIFIER
- control field: JO-AjAnu
005 - DATE AND TIME OF LATEST TRANSACTION
- control field: 20230606070803.0
008 - FIXED-LENGTH DATA ELEMENTS
- fixed length control field: 230606|| aca||aabn | a|a d
040 ## - CATALOGING SOURCE
- Original cataloging agency: JO-AjAnu
- Transcribing agency: JO-AjAnu
150 ## - HEADING--TOPICAL TERM
- Topical term or geographic name entry element: Packaging- Management Strategies
670 ## - SOURCE DATA FOUND
- Source citation: Work cat.: (JO-AjAnu)1546: Erwin, Lewis/Hall Healy, author 2951, Packaging and Solid Waste Management Strategies